Drugstore Cowboy /

Basada en la autobiografía de James Fogle, la película sigue a un grupo de cuatro amigos veinteañeros que son adictos a las drogas y que se dedican a robar farmacias y hospitales con el fin de satisfacer su adicción. Cuando reconoce como inminente su autodestrucción a causa de ese estilo de vida, el...

Fuld beskrivelse

Guardado en:
Bibliografiske detaljer
Hovedforfatter: Van Sant, Gus (realización)
Andre forfattere: Van Sant, Gus (guión) (guión), Yost, Daniel (guión) (guión), Yeoman, Robert D. (fotógrafo) (fotógrafo), Pasztor, Beatrix Aruna (vestuario) (vestuario), Bauer, Mary (montaje) (montaje), Clayton, Curtiss (montaje) (montaje), Goldenthal, Elliot (música) (música), Dillon, Matt (actuación) (actuación), Lynch, Kelly (actuación) (actuación), Remar, James (actuación) (actuación)
Format: Slide
Sprog:engelsk
Udgivet: EUA : Avenue Pictures, 1989, c1989
Fag:
Tags: Tilføj Tag
Ingen Tags, Vær først til at tagge denne postø!

MARC

LEADER 00000ngm^a2200000^a^4500
001 000433556
005 20250627121331.0
008 211029 19991999
009 20260310123044.108
020 |a 0-7840-1218-0 
037 |a Acervo ITESO - Biblioteca 
041 |a ING 
082 |a 810.  |b VAN 
100 |a Van Sant, Gus  |e (realización) 
240 1 1 |a [Drugstore Cowboy: el mundo de las drogas] 
245 1 0 |a Drugstore Cowboy /  |c Realización de G. Van Sant. 
246 2 |a Título en México: Drugstore Cowboy: el mundo de las drogas 
264 4 |a EUA :  |b Avenue Pictures,  |c 1989, c1989 
264 2 |a Los Angeles, California :  |b Artisan Entertainment [distribución],  |c 1999, c1999 
300 |a 1 DVD región 1 (104 min.) :  |b color 
336 |a imagen móvil bidimensional  |b tdi  |2 rdacontenido 
337 |a video  |b v  |2 rdamedio 
338 |a videodisco  |b vd  |2 rdasoporte 
500 |a Basado en: Drugstore Cowboy, de James Fogle 
520 |a Basada en la autobiografía de James Fogle, la película sigue a un grupo de cuatro amigos veinteañeros que son adictos a las drogas y que se dedican a robar farmacias y hospitales con el fin de satisfacer su adicción. Cuando reconoce como inminente su autodestrucción a causa de ese estilo de vida, el protagonista se percata de la necesidad de dejar los impulsos y la adrenalina con que se dirige, en específico, su pareja. Filme que se considera retrata con precisión y conmoción la experiencia de ser adicto, y que forma parte del movimiento del cine independiente de Estados Unidos de los años 80 que retrataba con humor y honestidad las dinámicas de los grupos marginales y las urbes como espacios de encuentro. 
546 |a En inglés, sin subtítulos 
649 |a XX 
650 |a Drogadictos en el Cine 
650 |a Ladrones en el Cine 
650 |a Ladrones Norteamericanos -  |x Memorias -  |x Adaptaciones para Cine 
650 |a Delincuentes en el Cine 
650 |a Delincuentes Norteamericanos -  |x Memorias -  |x Adaptaciones para Cine 
650 |a Farmacias -  |z EUA 
650 |a Hospitales -  |z EUA 
650 |a Road Movies 
650 |a Películas Policíacas 
650 |a Dramas Cinematográficos 
650 |a Cine Independiente -  |z EUA 
650 |a Cine Norteamericano -  |y 1980-1989 
650 |a Cine Norteamericano -  |y Siglo XX 
650 |a Novela Norteamericana -  |x Adaptaciones para Cine 
650 |a Memorias Norteamericanas -  |x Adaptaciones para Cine 
650 |a Literatura Norteamericana -  |y Siglo XX -  |x Adaptaciones para Cine 
650 |a Literatura y Cine 
650 |a Drogas 
650 |a Drogadicción 
650 |a Adicciones 
650 |a Robo 
650 |a Rehabilitación de Delincuentes 
650 |a Relaciones de Pareja 
650 |a EUA -  |x Historia -  |y 1969-1974 
650 |a EUA -  |x Historia -  |y Siglo XX 
650 |a Fogle, James -  |x Tema Principal 
700 |a Van Sant, Gus  |e (guión) 
700 |a Yost, Daniel  |e (guión) 
700 |a Yeoman, Robert D.  |e (fotógrafo) 
700 |a Pasztor, Beatrix Aruna  |e (vestuario) 
700 |a Bauer, Mary  |e (montaje) 
700 |a Clayton, Curtiss  |e (montaje) 
700 |a Goldenthal, Elliot  |e (música) 
700 |a Dillon, Matt  |e (actuación) 
700 |a Lynch, Kelly  |e (actuación) 
700 |a Remar, James  |e (actuación) 
910 |a Fondo General 
920 |a Audiovisuales - DVDs 
940 |a Películas 
905 |a 302 
901 |a 0500350091  |b IT2  |c DVS  |i C150807  |u 20250521 
902 |a https://opac.biblio.iteso.mx/vufind/Record/000433556